Managerial Accounting : (Record no. 18709)

MARC details
000 -LEADER
fixed length control field 00581nam a22001937a 4500
005 - DATE AND TIME OF LATEST TRANSACTION
control field 20230609155225.0
008 - FIXED-LENGTH DATA ELEMENTS--GENERAL INFORMATION
fixed length control field 230609b |||||||| |||| 00| 0 eng d
020 ## - INTERNATIONAL STANDARD BOOK NUMBER
ISBN 9780324304169
082 ## - DEWEY DECIMAL CLASSIFICATION NUMBER
Classification number 658.15
Item number JAC-M
100 ## - MAIN ENTRY--AUTHOR
Author Name Jackson;Steve
245 ## - TITLE STATEMENT
Title Managerial Accounting :
Remainder of title A Focus on Decision Making /
Statement of responsibility, etc. Steve Jackson, Roby Sawyers ; contributing author, Greg Jenkins.
250 ## - EDITION STATEMENT
Edition statement 3e
260 ## - PUBLICATION, DISTRIBUTION, ETC.
Place of Publication India
Name of publisher, distributor, etc. Thomson South- Western
Date of publication, distribution, etc. 2006
300 ## - PHYSICAL DESCRIPTION
Pages 567
500 ## - GENERAL NOTE
General note Subject Index Given
650 ## - SUBJECT ADDED ENTRY--TOPICAL TERM
Subject / Department Management
700 ## - ADDED ENTRY--PERSONAL NAME
Personal name Jackson;Steve
952 ## - LOCATION AND ITEM INFORMATION (KOHA)
-- 0
-- 0
Holdings
Lost status Damaged status Permanent Location Current Location Shelving Location Date acquired Full Call Number Accession No./Barcode Date last seen item type
    Superior Information Resource Center (SIRC) Superior University- Central Library Superior Information Resource Center (SIRC) Superior University- Central Library Management 06/09/2023 658.15 JAC-M 2006 5016 06/09/2023 BOOK

Powered by Koha